Boruto: Trouvez tous les enfants des personnages de Naruto - Statistiques

Statistiques générales
  • Ce quiz a été pris 3 445 fois
  • Le résultat moyen est 7 sur 9
Statistiques - réponses
Père mère Prénom % Correct
Naruto Hinata Boruto
99%
Sasuke Sakura Sarada
96%
Naruto Hinata Himawari
89%
Shikamaru Temari Shikadai
89%
Rock lee ? Metal Lee
83%
Choji Karui Chocho
78%
Orochimaru ? Mitsuki
77%
Saï Ino Inojin
76%
Asuma Kurenai Mirai
57%
Aucun quiz correspondant
Distribution des résultats
% des personnes avec chaque résultat
Percentile par nombre de réponses
Votre historique - résultats
Vous n’avez pas pris ce quiz